000 00444nam a2200181Ia 4500
001 3145
005 20260306144859.0
008 260306t2019||||xx |||||||||||||| ||spa||
041 _aESP
082 _a261.4
_bC89
100 _aCristianisme i Justícia
_eAUT
245 0 _aAbrazos de vida:
_btestimonios de fe y justicia
260 _c2019
300 _a32 páginas :
_c20 cm.
650 _aGEN
654 _aCHU
942 _cLIB
_dJUS
_fJUS
_2ddc
_n
999 _c3145
_d3145